000 00372 a2200145 4500
999 _c12001
_d12001
003 OSt
005 20240111135621.0
008 240111b ||||| |||| 00| 0 eng d
020 _a9781780670058
082 _a729.1
100 _aMatt Bua; Max Goldfarb
245 _aArchitectural Inventions: Visionary Drawings
260 _bLaurence King Publishing
_c2012
942 _2ddc